00266nam a2200109Ia 4500008004100000100001700041245004000058260002400098650001000122942000700132999001700139190216s9999||||xx |||||||||||||| ||und|| aSuresh Sinha 0aHindi-Hindi Upanyas Usber Our Vikas bAsha Prakashan Grug aHindi cBK c15239d15239